Textbook of organic chemistry / (Record no. 2686)

MARC details
000 -LEADER
fixed length control field 00586cam a22002171 4500
001 - CONTROL NUMBER
control field BD-DhSAU 2686
003 - CONTROL NUMBER IDENTIFIER
control field BD-DhSAU
005 - DATE AND TIME OF LATEST TRANSACTION
control field 20150507154709.0
008 - FIXED-LENGTH DATA ELEMENTS--GENERAL INFORMATION
fixed length control field 740802s1966 e a 001 0 eng
040 ## - CATALOGING SOURCE
Original cataloging agency BD-DhSAU
082 ## - DEWEY DECIMAL CLASSIFICATION NUMBER
Edition number 22
Classification number 547
Item number NOT
100 1# - MAIN ENTRY--PERSONAL NAME
Personal name Noller, Carl Robert
245 10 - TITLE STATEMENT
Title Textbook of organic chemistry /
Statement of responsibility, etc. Carl R. Noller.
250 ## - EDITION STATEMENT
Edition statement 3rd ed.
260 ## - PUBLICATION, DISTRIBUTION, ETC. (IMPRINT)
Place of publication, distribution, etc. Philadelphia :
Name of publisher, distributor, etc. W. B. Saunders Company ,
Date of publication, distribution, etc. c1966.
300 ## - PHYSICAL DESCRIPTION
Extent vii, 760 p.
Other physical details ill. ;
Dimensions 26 cm.
504 ## - BIBLIOGRAPHY, ETC. NOTE
Bibliography, etc includes index.
590 ## - Name of Cataloguer
Name of Cataloger Jerin
650 #0 - SUBJECT ADDED ENTRY--TOPICAL TERM
Topical term or geographic name as entry element Organic Chemistry
650 #0 - SUBJECT ADDED ENTRY--TOPICAL TERM
Topical term or geographic name as entry element Chemistry
942 ## - ADDED ENTRY ELEMENTS (KOHA)
Source of classification or shelving scheme Dewey Decimal Classification
Koha item type Book
Holdings
Withdrawn status Lost status Source of classification or shelving scheme Damaged status Not for loan Home library Branch Name Shelving location Date acquired Total Checkouts Full call number Barcode Date last seen Price effective from Koha item type Collection code
    Dewey Decimal Classification     SAU Library SAU Library General Stacks 16/11/1979   547 NOT 4916 02/02/2015 02/02/2015 Book  
    Dewey Decimal Classification     SAU Library SAU Library General Stacks 16/11/1979   547 NOT 4915 02/02/2015 02/02/2015 Book  
    Dewey Decimal Classification   Not For Loan SAU Library SAU Library Reference 16/11/1979   547 NOT 4914 07/05/2015 07/05/2015 Book Reference